=LDR 00000nam 2200000 4500 =001 INLIS000000000002653 =005 20130612090956 =008 ***********************************Ind** =035 ##$$0010-061300000002653 =041 ##$$a Ind =082 ##$$a 92(Kartosuwiryo) =090 ##$$a 92(Kartosuwiryo), Aww m =100 ##$$a Awwas, Irfan S =245 ##$$a Menelusuri perjalanan jihad SM.Kartosuwiryo, Irfan S.Awwas =260 ##$$a 1999 $b Yogyakarta =300 ##$$a xxvi, 174 hlm, 20 cm =650 ##$$a Kartosuwiryo,SM =850 ##$$a NBPNMAT